| 000 | 00677nam a22002057a 4500 | ||
|---|---|---|---|
| 003 | OSt | ||
| 005 | 20150324101706.0 | ||
| 008 | 150324b xxu||||| |||| 00| 0 eng d | ||
| 020 | _a84-313-1972-0 | ||
| 040 | _cBMC | ||
| 082 | _a863.9921809 | ||
| 082 | _a972.08242863 | ||
| 100 | 1 |
_aArias, Ángel _933066 _dArias Urrutia |
|
| 245 | 1 | 0 |
_aCruzados de novela _b: las novelas de la guerra cristera _cÁngel Arias Urrutia |
| 260 |
_aPamplona _bEUNSA _c[2002] |
||
| 300 |
_a246 p. _c24 cm |
||
| 650 | 2 | 4 |
_aNovela mexicana _yS.XX _xHistoria y crítica _933064 |
| 651 | 4 |
_aMéxico _xHistoria _y1926-1929 (Rebelión de los cristeros) _vObras literarias _933065 |
|
| 942 |
_2ddc _cBK _hahoj |
||
| 999 |
_c19878 _d19878 |
||